Crear para compartir. Compartir para seguir creando
Saved in:
| Main Author: | |
|---|---|
| Format: | Book |
| Language: | Spanish |
| Published: |
Santiago
Andrés Bello
1980
|
| Subjects: | |
| Tags: |
Add Tag
No Tags, Be the first to tag this record!
|
MARC
| LEADER | 00000nam a2200000 a 4500 | ||
|---|---|---|---|
| 001 | UCZ7068 | ||
| 003 | CL-VaPUC | ||
| 008 | 951222e19800000CL |||||||||||||||||spa|d | ||
| 082 | 0 | 4 | |a 363.8 |b MON |2 21 |
| 100 | |a Monckeberg Barros, Fernando |e autor |9 562494 | ||
| 245 | 1 | 0 | |a Crear para compartir. Compartir para seguir creando |
| 300 | |a 243 p | ||
| 942 | |c BK | ||
| 945 | |d 19951222 00:00:00 |a cmena | ||
| 260 | |a Santiago |b Andrés Bello |c 1980 | ||
| 650 | 0 | |a Nutrición |9 259434 | |
| 650 | 0 | |a Alimentos |9 256203 | |
| 650 | 0 | |a Desarrollo económico y social |9 256320 | |
| 650 | 7 | |a POLITICA DE DESARROLLO |2 CL-VaPUC |9 335853 | |
| 650 | 7 | |a PLANIFICACION SOCIAL |2 CL-VaPUC |9 348452 | |
| 650 | 0 | |a Problemas sociales |9 258537 | |
| 651 | 0 | |a América Latina |9 255027 | |
| 651 | 7 | |a CHILE |2 CL-VaPUC |9 351785 | |
| 583 | |a last modification |c 19951222 00:00:00 |k Rodrigo Vera | ||
| 999 | |c 243192 |d 243190 | ||
| 952 | |0 0 |1 0 |4 0 |6 363_800000000000000_MON_1980 |7 0 |8 P |9 256668 |a BIBEDU |b BIBEDU |c BIBEDU_PB |d 2019-11-19 |i 1608851 |o 363.8 MON 1980 |p 1608851 |r 2024-01-25 |w 2019-11-19 |y BK |k EDU | ||
| 952 | |0 0 |1 0 |4 0 |6 363_800000000000000_MON_1980 |7 0 |8 P |9 256669 |a BIBEDU |b BIBEDU |c BIBEDU_PB |d 2019-11-19 |i 1608436 |o 363.8 MON 1980 |p 1608436 |r 2024-01-25 |w 2019-11-19 |y BK |k EDU | ||
| 952 | |0 0 |1 0 |4 0 |6 363_800000000000000_MON_1980 |7 0 |8 A |9 256670 |a BIBGIM |b BIBGIM |d 2019-11-19 |i 1998951 |o 363.8 MON 1980 |p 1998951 |r 2025-01-15 |w 2019-11-19 |y BK |k SSL | ||
| 952 | |0 0 |1 0 |4 0 |6 363_800000000000000_MON_1980 |7 0 |8 A |9 256671 |a BIBGIM |b BIBGIM |d 2019-11-19 |i 1998900 |o 363.8 MON 1980 |p 1998900 |r 2025-01-15 |w 2019-11-19 |y BK |k SSL | ||
| 952 | |0 0 |1 0 |4 0 |6 363_800000000000000_MON_1980 |7 0 |8 A |9 256672 |a BIBTEO |b BIBTEO |d 2019-11-19 |i 4425758 |o 363.8 MON 1980 |p 4425758 |r 2025-01-17 |w 2019-11-19 |y BK |k ICR | ||